000 00399nam a22001337a 4500
008 160413b xxu||||| |||| 00| 0 eng d
050 _aJQ2947.A72
100 _aKenya Government
_923812
245 _aKenya gazette supplement, 2005
_c/ Kenya Government
260 _aNairobi
_bKenya Government
_c2005
300 _a197p. ;
_c24cm.
650 _aKenya
_xConstitutions
_923742
942 _2lcc
_cMONOGRAPH
999 _c124596
_d124596